SMR certification via market surveillance:An approach to enhance competitiveness (Record no. 68783)

MARC details
000 -LEADER
fixed length control field 00412nam a2200145Ia 4500
100 ## - MAIN ENTRY--AUTHOR NAME
Personal name Ali Syuhaizat Md
245 #0 - TITLE STATEMENT
Title SMR certification via market surveillance:An approach to enhance competitiveness
260 ## - PUBLICATION, DISTRIBUTION, ETC. (IMPRINT)
Name of publisher MRB Rubber Technology Developements
Year of publication 2013
300 ## - PHYSICAL DESCRIPTION
Number of Pages 38-40
650 ## - SUBJECT ADDED ENTRY--TOPICAL TERM
Topical Term SMR
700 ## - ADDED ENTRY--PERSONAL NAME
Personal name Abu Hasan Sabri
700 ## - ADDED ENTRY--PERSONAL NAME
Personal name Zawawi
942 ## - ADDED ENTRY ELEMENTS (KOHA)
Koha item type Journals
Holdings
Withdrawn status Lost status Damaged status Not for loan Home library Current library Date acquired Serial Enumeration / chronology Koha item type
      Journals RRII Library RRII Library 18/03/2014 Volume 13, Issue 1 Journals